000 00299nam a22001097a 4500
008 240926b |||||||| |||| 00| 0 eng d
020 _a27071596
245 _aKabarak Journal of Law and Ethics
260 _aNairobi, Kenya
_bKabarak University Press
_c2022
300 _axvii, 225p.
942 _2lcc
_cPER
999 _c20512
_d20511